000 00454nam a2200181Ia 4500
001 14545
005 20260306164922.0
008 260306t2008||||xx |||||||||||||| ||spa||
041 _aESP
082 _a515.15
_bS79 2008 P. 2
100 _aStewart, James
_eAUT
245 0 _aCálculo:
_bde varias variables - trascendentes tempranas
260 _c2008
300 _a2ª Parte
_c27 cm.
650 _aGEN
654 _aCMA
942 _cLIB
_dJUS
_fJUS
_2ddc
_n
999 _c14545
_d14545